| 000 | 01187nam a2200253Ia 4500 | ||
|---|---|---|---|
| 999 |
_c51008 _d51008 |
||
| 001 | 17965 | ||
| 003 | GE_BSU | ||
| 005 | 20210520131612.0 | ||
| 008 | 181216s ||||ge |||||||||||||| ||geo|| | ||
| 020 | _a978-9941-0-7236-9 | ||
| 040 | _cGE_BSU | ||
| 041 | _ageo | ||
| 080 | _a159.955 ა-47 | ||
| 100 |
_aალენი, ჯ. (ჯეიმს, 1864-1912) _911862 |
||
| 245 |
_aროგორ აზროვნებს ადამიანი / _cჯ. ალენი ; მთარგმნ. : ნინა და მარინა თურმანიძეები ; რედ. თამაზ თურმანიძე. |
||
| 264 |
_aთბილისი : _bპეგა, _c2014. |
||
| 300 |
_a200 გვ. ; _c20 სმ. |
||
| 653 | _aროგორ აზროვნებს ადამიანი | ||
| 653 | _aფსიქოლოგია | ||
| 700 |
_aთურმანიძე, ნინა _eმთარგმნელი _911863 |
||
| 700 |
_aთურმანიძე, მარინა _eმთარგმნელი _911864 |
||
| 700 |
_a თურმანიძე, თამაზ _eრედაქტორი _911865 |
||
| 942 |
_cBK _2udc |
||